000 00216nam a22000977a 4500
003 OSt
008 210113b ||||| |||| 00| 0 eng d
100 _aBalakrishnan, K
_91023
245 _aSahyadrisanukkalil
942 _cBK
999 _c16413
_d16413